| 000 | 00000nam##2200000za#4500 |
| 001 | 9.640070 |
| 003 | CaOODSP |
| 005 | 20210624222506 |
| 007 | cr ||||||||||| |
| 008 | 150407|2010||||xxc|||||o f|0| 0 fre|d |
| 020 | |a978-1-897463-94-9 |
| 040 | |aCaOODSP|bfre |
| 043 | |an-cn--- |
| 086 | 1 |aH174-25/2010F-PDF |
| 110 | 1 |aCanada.|bConseil canadien de la santé. |
| 245 | 10|aMise à jour : |h[ressource électronique]|baméliorer la santé et le bien-être des peuples autochtones au Canada |
| 246 | 1 |iTitre additionnel (dans la publication) : |aMise à jour sur la santé des Autochtones |
| 260 | |bConseil canadien de la santé |cOctobre 2010. |
| 300 | |a2p. |
| 590 | |a12-35-Supp|b2012-08-09 |
| 691 | 07|aAutochtones|2gcpds |
| 691 | 07|aPromotion de la santé|2gcpds |
| 775 | 08|tUpdate : |w(CaOODSP)9.695951 |
| 856 | 40|ahttp://publications.gc.ca|qPDF|s151 Ko|uhttps://publications.gc.ca/collections/collection_2012/ccs-hcc/H174-25-2010-fra.pdf |